00626nam a2200193Ia 450000500170000000800410001704000190005804100120007708200190008924500710010826000440017930000150022344000280023850400400026665000470030665100510035370000180040485000100042220230413104743.0131103s9999 xx 000 0 und d aLoreto College aEnglish a823.7bAUS-WAT aJane Austenb a collection of critical essays cedited by Ian Watt aEnglewood CliffsbPrentice - Hallc1963 avi,186 p.  aTwentieth century views aIncludes bibliographical references aAusten,Jane - Criticism and Interpretation aEnglish Fiction - Criticism and Interpretation aWatt,Ian, ed. aLCLIB